Statistics for American Cities by Picture

Click here to take the quiz!

General Stats

  • This quiz has been taken 46 times
  • The average score is 6 of 10

Answer Stats

Answer% Correct
Chicago
95%
New York City
95%
Seattle
93%
San Francisco
86%
Boston
83%
Nashville
81%
Austin
45%
Indianapolis
43%
Tampa
14%
Barrow
12%

Score Distribution

Percentile by Number Answered

Percent of People with Each Score

Your Score History

You have not taken this quiz